Logo BPK

Biblioteka

Politechniki Koszalińskiej

Islandia / (Rekord nr 54252)

Szczegóły MARC
000 -ETYKIETA REKORDU
podpole kontrolne o stałej długości 01065nam a2200325 i 4500
001 - NUMER KONTROLNY REKORDU
pole kontrolne bg
015 ## - NUMER BIBLIOGRAFII NARODOWEJ
Numer bibliografii narodowej PB 16671/2007
020 ## - MIĘDZYNARODOWY ZNORMALIZOWANY NUMER KSIĄŻKI - ISBN
ISBN 9788360174685
040 ## - ŹRÓDŁO KATALOGOWANIA
Instytucja, która utworzyła rekord BPK
041 1# - KOD JĘZYKA
Kod języka tekstu pol
Kod języka oryginału eng
044 ## - KOD KRAJU WYDAWCY/PRODUCENTA
Kod kraju wydawcy/producenta POL
080 ## - UNIWERSALNA KLASYFIKACJA DZIESIĘTNA - UKD
UKD 913(491.1)(036)
920 ## - Międzynarodowy znormalizowany numer książki – ISBN
ISBN 978-83-60174-68-5
008 - POLE O STAŁEJ DŁUGOŚCI - DANE KONTROLNE
podpole kontrolne o stałej długości 070716s2007 pl a |001 0 pol
245 00 - TYTUŁ/ODPOWIEDZIALNOŚĆ
Tytuł Islandia /
Pozostałe elementy strefy tytułu i oznaczenia odpowiedzialności [przygot. ed. pol. Bogdan Rudnicki ; red. prowadzący Joanna Zaborowska ; red. Magdalena Binkowska ; tł. Patrycja Zarawska].
246 1# - WARIANT TYTUŁU
Treść wyrażenia wprowadzającego Tyt. oryg.:
Tytuł Iceland
260 ## - STREFA ADRESU WYDAWNICZEGO
Miejsce wydania Warszawa :
Nazwa wydawcy/dystrybutora Mediaprofit,
Data publikacji, dystrybucji/powstania dokumentu 2007.
300 ## - STREFA OPISU FIZYCZNEGO
Objętość 381, [1] s. :
Inne cechy fizyczne il. (gł. kolor.) ;
Rozmiary 23 cm.
490 1# - STREFA SERII I DOKUMENTU WIELOCZĘŚCIOWEGO - FORMA NIE DO WYSZUKIWANIA
Tytuł i oznaczenie odpowiedzialności serii Biblioteka Gazety Wyborczej. Podróże Marzeń ;
Numeracja w obrębie serii 8
500 ## - UWAGI OGÓLNE
Tekst uwagi Mapa i plan na wyklejkach.
504 ## - UWAGA DOTYCZĄCA BIBLIOGRAFII
Informacje o bibliografii Indeks.
651 #9 - HASŁO PRZEDMIOTOWE W FORMIE NAZWY GEOGRAFICZNEJ
Nazwa geograficzna Islandia
655 ## - TERMIN INDEKSOWY - OKREŚLENIE RODZAJU/FORMY DOKUMENTU
Określenie rodzaju/formy dokumentu Przewodniki turystyczne
700 1# - HASŁO DODATKOWE - NAZWA OSOBOWA
Nazwa osobowa Rudnicki, Bogdan.
Określenie związku między hasłem a opisywanym materiałem Oprac.
700 1# - HASŁO DODATKOWE - NAZWA OSOBOWA
Nazwa osobowa Zaborowska, Joanna.
Określenie związku między hasłem a opisywanym materiałem Red.
700 1# - HASŁO DODATKOWE - NAZWA OSOBOWA
Nazwa osobowa Zarawska, Patrycja.
Określenie związku między hasłem a opisywanym materiałem Tł.
830 #0 - HASŁO DODATKOWE SERII LUB DOKUMENTU WIELOCZĘŚCIOWEGO - TYTUŁ UJEDNOLICONY
Tytuł ujednolicony Biblioteka Gazety Wyborczej.
Nazwa części/sekcji dzieła Podróże Marzeń (2007)
Oznaczenie tomu 8
856 ## - LOKALIZACJA I DOSTĘP DO ELEKTRONICZNYCH DOKUMENTÓW ZDALNYCH
Link (URL) http://koha.tu.koszalin.pl/cgi-bin/koha/opac-detail.pl?biblionumber=54252
Tekst linku Katalog online BPK
942 ## - DODATKOWE ELEMENTY (KOHA)
Typ dokumentu Książka
Egzemplarze
Wycofany Status egzemplarza Uszkodzony Dostępność Lokalizacja stała Lokalizacja bieżąca Miejsce przechowywania Sygnatura Kod kreskowy Dział Typ dokumentu
      Tylko na miejscu Biblioteka Politechniki Koszalińskiej Biblioteka Politechniki Koszalińskiej Czytelnia BG 85343 02381756 0/9(03) Encyklopedie. Leksykony Książka
© 2023 Biblioteka Politechniki Koszalińskiej :: KOHA